Las nuevas tecnologías de la comunicación
Guardat en:
| Autor principal: | |
|---|---|
| Format: | Llibre |
| Idioma: | espanyol |
| Publicat: |
Barcelona
Gedisa S. A
2005
|
| Edició: | 2a. ed |
| Col·lecció: | Multimedia, 14
|
| Matèries: | |
| Etiquetes: |
Afegir etiqueta
Sense etiquetes, Sigues el primer a etiquetar aquest registre!
|
MARC
| LEADER | 00000cam a2200000 a 4500 | ||
|---|---|---|---|
| 001 | UCC5908 | ||
| 003 | CL-VaPUC | ||
| 008 | 181109e20050000sp |||||||||||||||||spa|d | ||
| 020 | |a 8474326508 | ||
| 082 | 0 | 4 | |a 303.4833 |b MIR |2 21 |
| 100 | |a Mirabito, Michael M. A. |e autor |9 600339 | ||
| 245 | 1 | 4 | |a Las nuevas tecnologías de la comunicación |
| 250 | |a 2a. ed | ||
| 300 | |a 415 p | ||
| 942 | |c BK | ||
| 945 | |d 20181109 15:19:00 |a dcastane | ||
| 260 | |a Barcelona |b Gedisa S. A |c 2005 | ||
| 650 | 0 | |a Sociedad de la información |9 417579 | |
| 650 | 0 | |a Comunicación digital |9 260754 | |
| 650 | 0 | |a Tecnología de la información |9 254825 | |
| 583 | |a last modification |c 20181109 15:19:00 |k Rodrigo Vera | ||
| 490 | 0 | |a Multimedia, 14 | |
| 999 | |c 373011 |d 373009 | ||
| 952 | |0 0 |1 0 |3 erb |4 0 |6 303_483300000000000_MIR_2005 |7 0 |8 A |9 490924 |a BIBCUR |b BIBCUR |i 5512174 |o 303.4833 MIR 2005 |p 5512174 |r 2025-04-22 |w 2019-11-24 |y BK |z Catalogado en:20181109 |k PER | ||